| 000 | 00868 a2200205 4500 | ||
|---|---|---|---|
| 999 |
_c10636 _d10636 |
||
| 020 | _a9780099433828 | ||
| 050 |
_aGV1046. _bMOO 2002 |
||
| 100 |
_aMoore, Tim _d 1964- _eauthor |
||
| 245 |
_aFrench revolutions : _bcycling the Tour de France / _cTim Moore |
||
| 264 |
_aLondon : _b Vintage, _c 2002. |
||
| 300 |
_a277 pages _b1 volume |
||
| 336 |
_1text _2txt _ardacontent |
||
| 337 |
_1unmediated _2n _ardamedia |
||
| 338 |
_1volume _2nc _ardacarrier |
||
| 500 | _aOriginally published: London: Yellow Jersey, 2001. | ||
| 520 | _aA depiction of an inadequate man's attempt to achieve the unachievable and ride the route taken by the pros on the 2000 Tour de France, this is a tale of calorific excess, ludicrous clothing and intimate discomfort. | ||
| 650 |
_aMoore, Tim, 1964 _x Travel -- France. |
||
| 650 |
_aCyclists _xFrance. |
||
| 942 |
_2lcc _cBK _h1046 _iMOO _kGV |
||